| Tag |
First Indicator |
Second Indicator |
Subfields |
| LEADER |
00000cam a2200000Ia 4500 |
| 001 |
in00002467151 |
| 005 |
20151110121753.0 |
| 008 |
860111s1939 txu b s000 0 eng d |
| 035 |
|
|
|a (OCoLC)ocm13011977
|
| 035 |
|
|
|a (OCoLC)13011977
|
| 040 |
|
|
|a TWT
|c TWT
|d AGL
|d TAI
|d OCLCQ
|d TXA
|d UtOrBLW
|
| 043 |
|
|
|a n-us-tx
|
| 049 |
|
|
|a TXAM
|
| 070 |
0 |
|
|a 100
|b T31S (1) no.573
|
| 072 |
|
0 |
|a F831
|
| 086 |
|
|
|a Z TA245.7 B873 no.573
|2 txdocs
|
| 092 |
|
|
|a 630.7
|b T31b, no.573
|
| 100 |
1 |
|
|a Rea, H. E.
|q (Homer Earl),
|d 1901-
|
| 245 |
1 |
4 |
|a The control of cotton root rot in the blackland region of Texas /
|c by H.E. Rea.
|
| 264 |
|
1 |
|a College Station, Tex. :
|b Texas Agricultural Experiment Station,
|c 1939.
|
| 300 |
|
|
|a 36 pages ;
|c 23 cm.
|
| 336 |
|
|
|a text
|b txt
|2 rdacontent
|
| 337 |
|
|
|a unmediated
|b n
|2 rdamedia
|
| 338 |
|
|
|a volume
|b nc
|2 rdacarrier
|
| 490 |
1 |
|
|a Bulletin / Texas Agricultural Experiment Station ;
|v no. 573
|
| 500 |
|
|
|a Caption title.
|
| 500 |
|
|
|a "March 1939."
|
| 504 |
|
|
|a Includes bibliographical references (pages 34-36).
|
| 650 |
|
0 |
|a Cotton root rot
|x Control
|z Texas
|z Blacklands.
|
| 830 |
|
0 |
|a Bulletin (Texas Agricultural Experiment Station) ;
|v no. 573.
|
| 994 |
|
|
|a C0
|b TXA
|
| 948 |
|
|
|a cataloged
|b h
|c 2009/06/05
|e mansari
|f 08:39:51 am
|
| 999 |
|
|
|a MARS
|
| 999 |
f |
f |
|s 22ddea69-3fc7-3cc2-aed0-96a0a7b94c74
|i 2ac8f0d7-4091-35b1-83dd-32f70457f1e4
|t 0
|
| 952 |
f |
f |
|p normal
|a Texas A&M University
|b College Station
|c Sterling C. Evans Library
|d Evans: Texas Documents (Annex 5th floor)
|t 0
|e Z TA245.7 B873 no.566-575
|h Superintendent of Documents classification
|i unmediated -- volume
|k no.566-575
|l 1938:Sept-1939:June
|m A14816384980
|
| 952 |
f |
f |
|a Texas A&M University
|b College Station
|c Sterling C. Evans Library
|d Evans: Texas Documents (Annex 5th floor)
|t 0
|e Z TA245.7 B873 no.566-575
|h Superintendent of Documents classification
|
| 998 |
f |
f |
|a Z TA245.7 B873 no.566-575
|s 566-575
|t 0
|l Evans: Texas Documents (Annex 5th floor)
|